000 00514nam a2200181 i 4500
001 30964
003 ES-MaACL
005 20230906154301.0
007 t|
008 030128s1960 sp ||||1| spa d
100 1 _aBatlle Vázquez, Manuel.
_926451
245 1 3 _aLa propiedad de casas por pisos /
_cManuel Batlle Vázquez.
250 _a4ª ed.
260 _aAlcoy :
_bMarfil,
_c1960.
300 _a231 p. ;
_c24 cm.
650 0 4 _aPropiedad horizontal-
_zEspaña.
_916479
852 _aES-MaACL
_jC-20502
_bR.48875
999 _c30964
_d30964